La feria de la creatividad (Record no. 62183)

MARC details
000 -LEADER
campo de control de longitud fija 00655nam a2200181 i 4500
001 - NÚMERO DE CONTROL
campo de control 62183
003 - IDENTIFICADOR DE NÚMERO DE CONTROL
campo de control ES-MaACL
005 - FECHA Y HORA DE LA ÚLTIMA TRANSACCIÓN
campo de control 20230906164625.0
007 - CAMPO FIJO DE DESCRIPCIÓN FÍSICA--INFORMACIÓN GENERAL
campo de control de longitud fija t|
008 - DATOS DE LONGITUD FIJA--INFORMACIÓN GENERAL
campo de control de longitud fija 031118s1988 sp ||||1| spa d
111 2# - ENTRADA PRINCIPAL--NOMBRE DE CONGRESO/REUNIÓN
Nombre de congreso/reunión o jurisdicción como elemento de entrada Feria de la Creatividad (
Número del congreso/reunión o número de parte o sección 16ª.
Fecha del congreso o de la firma del tratado 1988.
Sede del congreso/Lugar de la reunión Madrid)
9 (RLIN) 721
245 13 - MENCIÓN DEL TÍTULO
Título La feria de la creatividad
Resto del título : volumen anual de la revista quincenal IPMARK.
260 ## - PUBLICACIÓN, DISTRIBUCIÓN, ETC.
Lugar de publicación, distribución, etc. Madrid ;
-- Barcelona :
Nombre del editor, distribuidor, etc. Ediciones y Estudios,
Fecha de publicación, distribución, etc. [1988]
300 ## - DESCRIPCIÓN FÍSICA
Extensión 192 p. :
Otras características físicas principalmente il. ;
Dimensiones 28 cm.
500 ## - NOTA GENERAL
Nota general Indices.
500 ## - NOTA GENERAL
Nota general La Feria consta de este v. más una cassette de vídeo en la que figuran los spots.
852 ## - LOCALIZACIÓN
Ubicación ES-MaACL
Número de control de estantería L-12877
Sublocalización o colección R.116289
Holdings
Estatus retirado Estado de pérdida Estado de daño No para préstamo Biblioteca de origen Biblioteca actual Ubicación en estantería Fecha de adquisición Fuente de adquisición Total de préstamos Signatura topográfica completa Código de barras Visto por última vez Precio de reemplazo Tipo de ítem Koha
        Biblioteca del Ateneo de Madrid Biblioteca del Ateneo de Madrid Depósito 2 17/01/2008     L-12877 1065190 23/02/2023 23/02/2023 Libro impreso